000 00627nam a2200229 a 4500
001 23180
003 CO-ViMGA
008 141112s2004 ck r 000 u spa d
020 _a9789584103652
040 _aCO-ViMGA
_bspa
_cCO-ViMGA
082 0 4 _a657 S454s
100 1 _aSinisterra, Gonzalo
_933405
245 1 0 _aContabilidad Sistema de informacion para las organizaciones
250 _a5a ed.
260 _aColombia :
_bMcGraw Hill
300 _a408p.
650 1 4 _aAJUSTES POR INFLACION
650 1 4 _aCONTABILIDAD
650 1 4 _aESTADOS FINANCIEROS
650 1 4 _aINFLACION Y CONTABILIDAD
_933406
942 _2ddc
_cBK
999 _c31433
_d31433